00355nam a2200133Ia 4500008004100000020001500041041001200056100001700068245007000085260002500155300000800180650001500188700001800203221030s9999 xx 000 0 und d a9352023370 aEnglish aV. Kubendran 0aIndustrial Relation & Labour Lawscby V. Kubendran, K. Kodeeswari bHPHaNew Delhic2015 a282 aManagement aK. Kodeeswari